01139nas a2200325 4500001001000000003000900010005001700019007000300036008003400039040005400073041000900127072000800136100001600144100001900160100001900179100002100198100001900219100001700238245013200255650001000387650002000397650001200417650002100429650001600450773011600466909004000582942001800622999001900640952015400659BR9208675BR-BrBNA20231205093137.0ta230509b bl.|||p| |||| 00| 00por d aBR-BrBNAbporcBiblioteca Nacional de Agricultura a(Pt) aH101 aOsuna, J.A.1 aAraujo, J.A.C.1 aAraujo, S.M.C.1 aBortoli, S.A. de1 aBanzatto, D.A.1 aMacedo, E.C.1 aDanos de Heliothis zea (Boddie, 1850)(Lepidoptera, Noctuidae)sob efeito de adubos organico e mineral em tres genotipos de milho aMILHO aPRAGA DE PLANTA aLAGARTA aADUBO ORGÂNICO aFERTILIDADE0 tAnais da Sociedade Entomologica do Brasil (Brazil)xISSN 0301-8059g(1989), v. 18(suppl.) p. 131-145wBR9208675 a202311bLúciac55dLúcia Elande 2AGRISn0cANA c136469d136469 002AGRIS4071a41918b41918cPeriódicos Agrícolash(1989), v. 18(suppl.) p. 131-145l0r2023-11-29t01yCRePortaria Interministerial nº 164/94